TREE flora of Sabah and Sarawak; volume three

Bibliographic Details
Other Authors: Saw, SOEPADMO
Format: Book
Published: Kuala Lumpur : Institut Penyelidikan Perhutanan Malaysia; Sabah Forestry Department; Sarawak Forestry Department , 2000
Subjects:

MARC

LEADER 00000cam a2200000 7i4500
001 0000001202
005 20010912.0
020 0 0 |a 9832181062 (v. 3) 
090 0 0 |a R581.095952   |b TRE 2000 
245 0 0 |a TREE flora of Sabah and Sarawak; volume three   |c edited by E.Soepadmo and and L. G. Saw 
260 0 0 |a Kuala Lumpur :   |b Institut Penyelidikan Perhutanan Malaysia; Sabah Forestry Department; Sarawak Forestry Department ,   |c 2000 
300 |a xvi, 511 p. :   |b ill. ;   |c 26 cm. 
500 0 0 |a Includes index 
650 0 0 |a Botany   |x Classification 
650 0 0 |a Botany   |z Borneo 
650 0 0 |a Botany   |z Sabah 
650 0 0 |a Botany   |z Sarawak 
700 0 1 |a Saw   |h L. G. 
700 0 1 |a SOEPADMO   |h E. 
998 |a JPSM 
999 |a 0000002360   |b Monograph   |c Reference   |e Default branch